000 005850000a22001570004500
005 20240110152541.0
008 230817t1993 ||||| |||| 00| 0 eng d
082 _a362.71
_bLOV
245 _aලොව වෙසෙන දරුවන්ගේ තත්ත්වය 1993
246 _aLova vesena daruwange thaththvaya 1993
260 _aකොළඹ :
_bඑක්සත් ජාතීන්ගේ ළමා අරමුදල,
_c1993
300 _aපි.53
650 _aCHILDREN-Developing countries
650 _aChildren--Health and hygiene-Developing countries
942 _cRP
999 _c2626
_d2626